Roles and Rituals for Hindu Women (Record no. 10121)

MARC details
000 -LEADER
fixed length control field 00630nam a2200253 a 4500
020 ## - INTERNATIONAL STANDARD BOOK NUMBER
ISBN 1855675
082 00 - DEWEY DECIMAL CLASSIFICATION NUMBER
Classification number 305.40954
Author Cutter LES
100 ## - MAIN ENTRY--AUTHOR NAME
Author name Leslie, Julia
245 ## - TITLE STATEMENT
Title Roles and Rituals for Hindu Women
260 ## - PUBLICATION, DISTRIBUTION, ETC. (IMPRINT)
Place of publication London
Name of publisher Pinter Publisher
Year of publication 1991
300 ## - PHYSICAL DESCRIPTION
Number of Pages 267p
500 ## - GENERAL NOTE
General note includes index and biblioraphy
505 2# - FORMATTED CONTENTS NOTE
Formatted contents note Index
650 ## - SUBJECT ADDED ENTRY--TOPICAL TERM
Topical Term Women in Hinduism
650 ## - SUBJECT ADDED ENTRY--TOPICAL TERM
Topical Term Hinduism-Rituals
942 ## - ADDED ENTRY ELEMENTS (KOHA)
Koha item type Books
700 1# -
-- Leslie, Julia
Holdings
Collection code Home library Current library Date acquired Cost, normal purchase price Full call number Accession Number Koha item type
  Henry Martyn Institute Library Henry Martyn Institute Library 08/04/2008 12.95 305.40954 LES 019378 Books
                   Copyright © 2026 | Henry Martyn Institute | Hyderabad | TS-500052 | INDIA | Implemented by hmi.edu.in
Hit-Count:

Powered by Koha